| 000 | 01191cam a2200313 a 4500 | ||
|---|---|---|---|
| 999 |
_c522717 _d522717 |
||
| 001 | 3824129 | ||
| 003 | NUST | ||
| 005 | 20190103055242.0 | ||
| 008 | 860623s1986 nyua 000 0 eng | ||
| 010 | _a 86017190 | ||
| 020 |
_a0002177056 (returnable ed.) : _c$39.95 |
||
| 020 |
_a000217734X (nonreturanable ed.) : _c$39.95 |
||
| 038 | _awaseem | ||
| 040 |
_aDLC _cDLC _dDLC _dOCoLC |
||
| 043 | _an-us--- | ||
| 050 | 0 | 0 |
_aE169.Z82 _bD38 1986 |
| 082 | 0 | 0 |
_a973.9270222 _bSMO |
| 245 | 0 | 2 |
_aA Day in the life of America / _cphotographed by 200 of the world's leading photojournalists on one day, May 2, 1986 ; [project directors, Rick Smolan and David Cohen ; art director, Leslie Smolan]. |
| 260 |
_aNew York : _bCollins Publishers, _c1986. |
||
| 300 |
_a268 p. : _bchiefly col. ill. ; _c37 cm. |
||
| 650 | 0 |
_aPhotojournalism _zUnited States. _912925 |
|
| 651 | 0 |
_aUnited States _xPictorial works. _912926 |
|
| 651 | 0 |
_aUnited States _xSocial life and customs _y1971- _xPictorial works. _912927 |
|
| 700 | 1 |
_aSmolan, Rick. _912928 |
|
| 700 | 1 |
_aCohen, David, _d1955- _912929 |
|
| 700 | 1 |
_aSmolan, Leslie. _912930 |
|
| 906 |
_a7 _bcbc _corignew _d1 _eocip _f19 _gy-gencatlg |
||
| 942 |
_2ddc _cBK |
||